FourFourTwo's Top 100 Footballers of 2022 - Statistics

General Stats
  • This quiz has been taken 572 times
  • The average score is 76 of 100
Answer Stats
Rank Club Nation Player % Correct
#1 Borussia Dortmund/Manchester City Norway Erling Haaland
98%
#3 Manchester City Belgium Kevin De Bruyne
98%
#4 PSG France Kylian Mbappe
98%
#5 PSG Argentina Lionel Messi
98%
#13 Real Madrid Croatia Luka Modric
98%
#8 Liverpool Egypt Mohamed Salah
98%
#7 PSG Brazil Neymar
98%
#9 Tottenham Hotspur England Harry Kane
97%
#2 Real Madrid France Karim Benzema
97%
#6 Bayern Munich/FC Barcelona Poland Robert Lewandowski
97%
#11 Liverpool/Bayern Munich Senegal Sadio Mane
96%
#10 Real Madrid Brazil Vinicius Junior
95%
#15 Liverpool Netherlands Virgil Van Dijk
95%
#12 Liverpool Brazil Alisson
92%
#16 Manchester City Portugal Bernardo Silva
92%
#14 Real Madrid Austria David Alaba
92%
#25 Borussia Dortmund England Jude Bellingham
90%
#38 Tottenham Hotspur South Korea Heung-Min Son
89%
#24 Manchester City Portugal Ruben Dias
89%
#17 Real Madrid Belgium Thibaut Courtois
89%
#41 FC Porto/Liverpool Colombia Luis Diaz
88%
#28 FC Barcelona Spain Pedri
87%
#23 Real Madrid Germany Toni Kroos
87%
#39 Manchester United Portugal Bruno Fernandes
86%
#47 Real Madrid/Manchester United Brazil Casemiro
86%
#51 Manchester City/Arsenal Brazil Gabriel Jesus
86%
#29 Arsenal England Bukayo Saka
85%
#18 Bayern Munich Germany Joshua Kimmich
85%
#20 Bayern Munich Germany Manuel Neuer
85%
#19 AC Milan Portugal Rafael Leao
85%
#30 Manchester City Spain Rodri
85%
#22 Manchester City Brazil Ederson
84%
#26 Real Madrid Uruguay Federico Valverde
84%
#46 FC Barcelona Spain Gavi
84%
#50 Inter Milan Argentina Lautaro Martinez
84%
#53 PSG Morocco Achraf Hakimi
83%
#21 Manchester City Portugal Joao Cancelo
83%
#70 Ajax/Manchester United Argentina Lisandro Martinez
82%
#27 PSG Brazil Marquinhos
82%
#34 Manchester City England Phil Foden
82%
#44 Manchester United Portugal Cristiano Ronaldo
81%
#31 Manchester City Germany Ilkay Gundogan
81%
#48 PSG Italy Marco Verratti
81%
#36 Bayern Munich Germany Thomas Muller
81%
#63 Bayern Munich Canada Alphonso Davies
79%
#67 Liverpool Scotland Andrew Robertson
79%
#40 Chelsea/Real Madrid Germany Antonio Rudiger
78%
#69 Arsenal Norway Martin Odegaard
78%
#33 West Ham United England Declan Rice
75%
#68 Bayern Munich Germany Leroy Sane
75%
#66 Manchester City/Chelsea England Raheem Sterling
75%
#64 Brentford/Manchester United Denmark Christian Eriksen
74%
#54 PSG Italy Gianluigi Donnarumma
74%
#45 Atletico Madrid/Newcastle United England Kieran Trippier
74%
#52 Liverpool Spain Thiago Alcantara
73%
#49 RB Leipzig France Christopher Nkunku
72%
#98 FC Barcelona Netherlands Frenkie De Jong
72%
#43 Arsenal Brazil Gabriel Martinelli
72%
#58 Juventus/Bayern Munich Netherlands Matthijs De Ligt
72%
#80 Everton/Tottenham Hotspur Brazil Richarlison
72%
#57 Bayern Munich Germany Serge Gnabry
72%
#77 AS Monaco/Real Madrid France Aurelien Tchouameni
71%
#92 SL Benfica/Liverpool Uruguay Darwin Nunez
71%
#75 Chelsea England Mason Mount
71%
#72 Liverpool England Trent Alexander-Arnold
71%
#60 Napoli Nigeria Victor Osimhen
70%
#42 Juventus/Tottenham Hotspur Sweden Dejan Kulusevski
69%
#62 Fiorentina/Juventus Serbia Dusan Vlahovic
69%
#97 Chelsea Germany Kai Havertz
69%
#37 Dinamo Batumi/Napoli Georgia Khvicha Kvaratskhelia
69%
#95 Liverpool Brazil Fabinho
68%
#88 Ajax/Manchester United Brazil Antony
67%
#76 Bayern Munich Germany Leon Goretzka
67%
#89 Manchester United/Juventus France Paul Pogba
67%
#83 Chelsea France N'Golo Kante
66%
#78 Liverpool Portugal Diogo Jota
64%
#99 Arsenal Switzerland Granit Xhaka
64%
#32 Olympique Lyon/Newcastle United Brazil Bruno Guimaraes
63%
#87 Real Madrid France Eduardo Camavinga
63%
#100 Atletico Madrid Slovenia Jan Oblak
63%
#61 Bayern Munich France Lucas Hernandez
63%
#59 FC Barcelona Uruguay Ronald Araujo
63%
#73 Lazio Serbia Sergej Milinkovic-Savic
63%
#91 AC Milan France Theo Hernandez
63%
#90 Manchester City England Jack Grealish
62%
#93 Atletico Madrid Portugal Joao Felix
62%
#74 AC Milan England Fikayo Tomori
61%
#85 Manchester United France Raphael Varane
61%
#55 Olympique Marseille/Arsenal France William Saliba
61%
#35 Bayern Munich Germany Jamal Musiala
60%
#71 Real Madrid Brazil Eder Militao
59%
#96 Borussia Dortmund Germany Marco Reus
59%
#86 Tottenham Hotspur Argentina Cristian Romero
57%
#82 Manchester City Spain Aymeric Laporte
55%
#94 Leicester City England James Maddison
55%
#84 FC Barcelona France Ousmane Dembele
55%
#56 Chelsea England Reece James
55%
#79 Inter Milan Slovakia Milan Skriniar
53%
#65 PSG Portugal Nuno Mendes
51%
#81 FC Barcelona Spain Ansu Fati
41%
No matching quizzes found
Score Distribution
Percent of People with Each Score
Percentile by Number Answered
Your Score History
You have not taken this quiz